Функция по графику - Statistics

General Stats
  • This quiz has been taken 199 times
  • The average score is 7 of 12
Answer Stats
Picture Answer % Correct
x
100%
94%
85%
1/x
70%
cos(x)
70%
sin(x)
70%
tg(x)
60%
ctg(x)
59%
√x
59%
1/x²
28%
ln(x)
27%
23%
No matching quizzes found
Score Distribution
Percent of People with Each Score
Percentile by Number Answered
Your Score History
You have not taken this quiz